00894 2200313 4500001002100000005001500021035002000036007000300056008004100059020002200100082001400122084001600136100002900152245005400181250003500235300003000270650001500300700002600315264003900341336002100380337003000401338002300431040002200454090002200476850001200498999002300510504002500533990002200558INLIS00000000087758220230328103625 a0010-0323000849ta230324s2018 yoi g ind d a978-602-5552-01-404223a023.2 a023.2 ATI j0 aAtin IstiarniePengarang10aJejak pena pustakwan /cAtin Istiarni, Triningsih aCetakan Pertama, Februari 2018 axix, 263 halaman ;c20 cm 4aPustakawan0 aTriningsihePengarang31aBantul :bAzyan Mitra Media,c2018 2rdacontentateks 2rdamediaatanpa perantara 2rdacarrieravolume aYOPDYOGbinderda aCB-D.11 2018-3939 aYOPDYOG aCB-D.11/ 2018-3939 aTermasuk bibliografi aCB-D.11/2018-3939